000 00294nam a2200109Ia 4500
005 20251222143238.0
008 251222s9999||||xx |||||||||||||| ||spa||
082 _a351.91/I59/V.I
245 0 _aInstituciones Fundamentales del Estado de Derecho
264 _bMinisterio de Justicia
942 _cLIB
999 _c14455
_d14455